Berlin - quiz wielokrotnego wyboru - Statystyki

Ogólne statystyki
  • Ten quiz został rozwiązany 1 115 razy
  • Średni wynik to 7 z 10
Statystyki odpowiedzi
Zagadnienie Odpowiedź % Poprawnych
Potrawy döner zostały spopularyzowane w Berlinie przez imigrantów z którego państwa? Turcji
96%
W którym roku upadł Mur Berliński? 1989
94%
U-Bahn jest berlińską/-im ... Systemem metra
92%
Czym jest Reichstag? Miejscem posiedzeń niemieckiego parlamentu
85%
Berghain, berliński klub nocny, uważany jest za światową stolicę jakiego gatunku muzyki? Techno
85%
Jaki niemiecki land w całości otacza Berlin? Brandenburgia
84%
Które miasto z poniższych jest położone zaraz obok Berlina? Poczdam
81%
Jaka rzeka płynie przez Berlin? Sprewa
54%
Kto mówiąc "Ich bin ein Berliner" chciał wyrazić solidarność z mieszkańcami Berlina? John F. Kennedy
41%
Zdjęcia do którego z poniższych filmów kręcono w Berlinie? Kabaret
22%
Nie znaleziono quizów pasujących do podanych kryteriów
Rozkład punktacji
Procent ludzi z każdym wynikiem
Percentyl według liczby udzielonych odpowiedzi
Twoja historia wyników
Nie rozwiązałeś tego quizu